[Event "ROM-ch U10 Girls"]
[Site "Calimanesti Caciulata"]
[Date "2016.04.23"]
[Round "7"]
[White "Dumitrescu, Karina Andreea"]
[Black "Andreev, Ileana Alexia"]
[Result "1-0"]
[WhiteElo "1108"]
[BlackElo "1001"]
[PlyCount "51"]
[EventDate "2016.04.18"]
[EventType "swiss"]
[EventRounds "9"]
[EventCountry "ROU"]
[SourceTitle "CBM 172 Extra"]
[Source "ChessBase"]
[SourceDate "2016.06.21"]
[SourceVersion "1"]
[SourceVersionDate "2016.06.21"]
[SourceQuality "1"]

1. e4 e6 2. d4 d5 3. exd5 exd5 4. Bd3 Bd6 5. Ne2 Nc6 6. Nbc3 Nf6 7. Bg5 Be7 8. Qd2 h6 9. Bh4 Bg4 10. 0-0-0 Nxd4 11. Rde1 Nf5 12. Bxf5 Bxf5 13. Ng3 Be6 14. Kb1 g5 15. Nf5 Bxf5 16. Bg3 0-0 17. h4 Nh7 18. Nxd5 Rc8 19. Nxe7+ Kg7 20. Nxf5+ Kf6 21. Qc3+ Kxf5 22. Re5+ Kf6 23. Ree1+ Kf5 24. Qe5+ Kg4 25. h5 Nf6 26. f3# 1-0

[Event "ROM-ch U08 Girls"]
[Site "Calimanesti"]
[Date "2014.04.08"]
[Round "3"]
[White "Barila, Stefana"]
[Black "Dumitrescu, Karina Andreea"]
[Result "1/2-1/2"]
[WhiteElo "1001"]
[BlackElo "1033"]
[PlyCount "112"]
[EventDate "2014.04.06"]
[EventType "swiss"]
[EventRounds "9"]
[EventCountry "ROU"]
[SourceTitle "CBM 160 Extra"]
[Source "ChessBase"]
[SourceDate "2014.07.01"]
[SourceVersion "1"]
[SourceVersionDate "2014.07.01"]
[SourceQuality "1"]

1. e4 e5 2. Nf3 Nc6 3. Bb5 a6 4. Ba4 b5 5. Bb3 Nf6 6. Nc3 Bb4 7. 0-0 Bxc3 8. dxc3 0-0 9. Bg5 h6 10. Bh4 b4 11. cxb4 Nxb4 12. Bd5 Nbxd5 13. exd5 e4 14. Nd2 Re8 15. a4 g5 16. Bg3 Nxd5 17. c4 Nb4 18. Qe2 Nc2 19. Rac1 Nd4 20. Qe1 Qe7 21. f3 exf3 22. gxf3 Nxf3+ 23. Nxf3 Qe3+ 24. Bf2 Qxe1 25. Nxe1 Rb8 26. Bg3 d6 27. Rb1 Bh3 28. Rf2 Re3 29. b4 c5 30. Nc2 Rc3 31. b5 axb5 32. cxb5 f5 33. b6 f4 34. Bxf4 gxf4 35. Rxf4 Rxc2 36. b7 Rg2+ 37. Kh1 Rg4 38. Rxg4+ Bxg4 39. a5 Bf3+ 40. Kg1 Bxb7 41. Rd1 Ra8 42. Rxd6 Rxa5 43. Rd8+ Kf7 44. Rd7+ Ke6 45. Rxb7 Ra1+ 46. Kg2 c4 47. Rc7 Kd5 48. h4 Ra2+ 49. Kg3 Ra1 50. Kg4 Ra6 51. Kf5 Rc6 52. Rd7+ Rd6 53. Rc7 Rc6 54. Rd7+ Rd6 55. Rc7 Rc6 56. Rd7+ Rd6 1/2-1/2

[Event "ROM-ch U08 Girls"]
[Site "Calimanesti"]
[Date "2014.04.06"]
[Round "1"]
[White "Nicoara, Iris Maria"]
[Black "Dumitrescu, Karina Andreea"]
[Result "0-1"]
[WhiteElo "1001"]
[BlackElo "1033"]
[PlyCount "50"]
[EventDate "2014.04.06"]
[EventType "swiss"]
[EventRounds "9"]
[EventCountry "ROU"]
[SourceTitle "CBM 160 Extra"]
[Source "ChessBase"]
[SourceDate "2014.07.01"]
[SourceVersion "1"]
[SourceVersionDate "2014.07.01"]
[SourceQuality "1"]

1. e4 c5 2. d4 cxd4 3. Qxd4 Nc6 4. Qd5 Nf6 5. Bg5 Nxd5 6. exd5 Nd4 7. Bb5 Nxc2+ 8. Kd2 Nxa1 9. Nf3 f6 10. Bf4 e5 11. Bg3 Bb4+ 12. Nc3 a6 13. Bc4 b5 14. Bd3 Qe7 15. Bxe5 fxe5 16. Nxe5 Qxe5 17. Re1 Qxe1+ 18. Kxe1 0-0 19. Kf1 Bxc3 20. bxc3 Bb7 21. c4 bxc4 22. Bxc4 Rac8 23. Bd3 Rfe8 24. Be2 Rc1+ 25. Bd1 Rxd1# 0-1